01119pab a2200169 454500008004000000100002300040245007400063260000900137300001500146362000800161520061000169650001200779773002700791909001000818999001700828952010400845180718b2003 xxu||||| |||| 00| 0 eng d aKarshenas, Massoud aGlobal poverty: national accounts based versus survey based estimates c2003 ap.683-712. aSep aThis article examines the dollar-a-day poverty estimates produced by the World Bank. It highlights the lack of consistency between average consumption and income in household surveys and national accounts data. After examining the likely sources of divergence between the two series, the author proposes a new method of estimation of poverty, based on calibrating the survey means by conditioning on national accounts data, are contrasted with the World Bank estimates. The implications of the findings for the debate on the relationship between poverty and economic growth are also briefly. - Reproduced. aPoverty aDevelopment and Change a57889 c57889d57889 00104070aIIPAbIIPAd2018-07-19hVolume no: 34, Issue no: 4pAR58334r2018-07-19w2018-07-19yAR